| 000 | 00613nam a22001937a 4500 | ||
|---|---|---|---|
| 003 | OSt | ||
| 005 | 20260310012724.0 | ||
| 008 | 260310b |||||||| |||| 00| 0 eng d | ||
| 020 | _a978-1-98468-008-2 | ||
| 040 |
_aDWCL Main lib _cOC |
||
| 082 | _aCirc. 978-1-98468-008-2 | ||
| 100 | _a3G E- LEARNING | ||
| 245 |
_aManagerial economics _c3G E- LEARNING |
||
| 260 |
_aNew York, United States of America: _b3G E-learning, _cc2023. |
||
| 300 |
_axii, 367 pages: _billustrations; _c27 cm. |
||
| 504 | _aIncludes bibliographical references and index. | ||
| 650 | _a1. Economics. | ||
| 942 |
_2ddc _cBK-CIRC _kCirc. _n0 |
||
| 999 |
_c8811 _d8811 |
||